000 00528nam a2200217 a 4500
001 BRCA_6225
005 20190320205357.0
008 190711s1910----fr-#######---#000-1#fre-#
041 _afre
044 _afr
050 4 _aPQ2367 M3
_b.C66 1910
245 1 0 _aContes de la vielle France
_cJean Moreas
250 _a3
260 _aParĂ­s
_bMercure de France
_c1910
300 _a280 p.
_c18 cm.
500 _aI66
650 1 4 _aLiteratura francesa
_915641
700 1 _aMoreas, Jean
_915642
902 _aGFM
942 _2lcc
_cB
999 _c5912
_d5912